000
00310nam a2200145Ia 4500
100
_a
Graham/Frank D
942
_c
BK
654
_a
Engineers Guide
245
_a
Power Plant Engineers Guide
260
_b
Audels
_a
Newyork
_c
1948
082
_a
621.3
_b
GRA
300
_a
1474
546
_a
ENGLISH
999
_c
24026
_d
24026